ბათუმის შოთა რუსთაველის სახელმწიფო უნივერსიტეტის ბიბლიოთეკა

დედაენა 1 კლასი : (ბიბ.ჩანაწერი № 54761)

000 -ლიდერი
ფიქსირებული სიგრძის საკონტროლო ველი 01353nam a2200277Ia 4500
001 - საკონტროლო ნომერი
საკონტროლო ველი 21828
003 - საკონტროლო ნომრის იდენტიფიკატორი
საკონტროლო ველი GE_BSU
005 - ბოლო ოპერაციის თარიღი და დრო
საკონტროლო ველი 20220527172005.0
008 - ფიქსირებული სიგრძის მონაცემთა ელემენტები - ზოგადი ინფორმაცია
ფიქსირებული სიგრძის საკონტროლო ველი 181216s ||||ge |||||||||||||| ||geo||
020 ## - წიგნის საერთაშორისო სტანდარტული ნომერი
International Standard Book Number 99940-63-00-6
040 ## - კატალოგიზაციის წყარო
Transcribing agency GE_BSU
041 ## - ენის კოდი
Language code of text/sound track or separate title geo
080 ## - უნივერსალური ათობითი კლასიფიკაციის ინდექსი
Universal Decimal Classification number 811.353.1'35(075.3) ს-92
100 ## - მთავარი ჩანაწერი - პიროვნების სახელი
Personal name სულაკაური, ბაკურ
9 (RLIN) 13805
245 ## - ცნობა სათაურის შესახებ
Title დედაენა 1 კლასი :
Remainder of title მოსწავლის წიგნი /
Statement of responsibility, etc ბაკურ სულაკაური, მარინე ბედოშვილი, თინათინ კუხიანიძე.
Medium
250 ## - გამოცემის ცნობა
Edition statement 1-ლი გამოცემა
264 ## - წარმოების, გამოცემის, დისტრიბუციის და სხვა ცნობები
გამოცემის, წარმოების, დისტრიბუციის... ადგილი თბილისი :
გამოცემის, წარმოების, დისტრიბუციის... სახელწოდება ბაკურ სულაკაურის გამ-ბა,
გამოცემის, წარმოების, დისტრიბუციის... თარიღი 2006.
300 ## - ფიზიკური აღწერა
Extent 126 გვ. :
Other physical details ილ. ;
Dimensions 27 სმ.
500 ## - ზოგადი შენიშვნა
General note პილოტირებულია... პროექტ "ილია ჭავჭავაძის" ფარგლებში 2005-06 სასწ. წელს
653 ## - INDEX TERM--UNCONTROLLED
Uncontrolled term დედაენა 1 კლასი
653 ## - INDEX TERM--UNCONTROLLED
Uncontrolled term ქართული ენა
700 ## - ADDED ENTRY--PERSONAL NAME
Personal name ბედოშვილი, მარინე
Relator term ავტორი
9 (RLIN) 13806
700 ## - ADDED ENTRY--PERSONAL NAME
Personal name კუხიანიძე, თინათინ
Relator term ავტორი
9 (RLIN) 13807
942 ## - ADDED ENTRY ELEMENTS (KOHA)
Koha item type წიგნი
Source of classification or shelving scheme
ეგზემპლარები
ჩამოწერის სტატუსი დაკარგული ეგზემპლარის სტატუსი კლასიფიკაციის წყარო ან თაროზე გაწყობის სქემა დაზიანების სტატუსი არ გაიცემა მუდმივი მდებარეობა (დაცვის ადგილი) ამჟამინდელი ადგილსამყოფელი თაროზე განთავსების ადგილი შეძენის თარიღი ღირებულება, შესყიდვის ნორმალური ფასი სრული შენახვის შიფრი შტრიხკოდი ბოლო ოპერაციის თარიღი ეგზემპლარის მიმდევრობითი ნომერი (კეტერი?) ფასის ძალაში შესვლის თარიღი ეგზემპლარის სახეობა საჯარო შენიშვნა
          ბათუმის შოთა რუსთაველის სახელმწიფო უნივერსიტეტის მთავარი ბიბლიოთეკა ბათუმის შოთა რუსთაველის სახელმწიფო უნივერსიტეტის მთავარი ბიბლიოთეკა წიგნსაცავი 2018-12-17 10.00 811.353.1'35(075.3) ს-92 56329 2018-12-17 56329 2018-12-17 წიგნი 10.00₾.
          ბათუმის შოთა რუსთაველის სახელმწიფო უნივერსიტეტის მთავარი ბიბლიოთეკა ბათუმის შოთა რუსთაველის სახელმწიფო უნივერსიტეტის მთავარი ბიბლიოთეკა წიგნსაცავი 2018-12-17 10.00 811.353.1'35(075.3) ს-92 56330 2018-12-17 56330 2018-12-17 წიგნი 10.00₾.
          ბათუმის შოთა რუსთაველის სახელმწიფო უნივერსიტეტის მთავარი ბიბლიოთეკა ბათუმის შოთა რუსთაველის სახელმწიფო უნივერსიტეტის მთავარი ბიბლიოთეკა წიგნსაცავი 2018-12-17 10.00 811.353.1'35(075.3) ს-92 56331 2018-12-17 56331 2018-12-17 წიგნი 10.00₾.
          ბათუმის შოთა რუსთაველის სახელმწიფო უნივერსიტეტის მთავარი ბიბლიოთეკა ბათუმის შოთა რუსთაველის სახელმწიფო უნივერსიტეტის მთავარი ბიბლიოთეკა წიგნსაცავი 2018-12-17 10.00 811.353.1'35(075.3) ს-92 56332 2018-12-17 56332 2018-12-17 წიგნი 10.00₾.